00320nam a2200133Ia 4500008004100000041000800041082001600049100001900065245002400084260002200108300000800130365001600138700003200154230718s9999 xx 000 0 und d aeng a005.75bARK aArkhipenkov S. aOracle Express OLAP c2003bEswar Press a710 cRs.b450.00 aArkhipenkov S. & Golubev D.